00693nam a22001937a 450000500170000001000150001702000260003203500140005803700090007208200110008110000160009224500950010826000260020327000480022930000190027794200250029699900190032195201590034020250401143705.0 aENG-144328 a9789350133798c365.00 aEN-127860 bDBAD a384.03 aLal 980041 aDrdo Technical Assistant Electronics & Telecommunication/cby lal: Sinha [and] Neetu Singh aAgrabUpkar Prakashan a2/11A, Swadeshi Bima Nagar, bAgrae282-002 avpp.c27cm(Pb) 2ddccENh384.04mLAL c210597d210597 001040718NFICaDBADbDBADd2025-04-01eDelivery of Books Act Divisiong365.00l0o384.04 LALpEN-127860r2025-04-01 00:00:00t1v365.00w2025-04-01yEN